| 000 | 00590nam a2200157 4500 | ||
|---|---|---|---|
| 001 | 5780 | ||
| 005 | 20181127180231.0 | ||
| 245 | 0 | 0 |
_aLIT 307 20th century literature : _bcoursepack / _cRoyal Thimphu College. _h |
| 260 | 0 | 0 |
_aThimphu : _bRoyal Thimphu College, _c2016,2017. |
| 300 | 0 | 0 | _avarious. |
| 500 | _a""""For LIT 307 program use only"""" | ||
| 500 | _a""""Royal Thimphu College, Thimphu"""" | ||
| 500 | _aLIT 307 20Th Century Literature Course Pack for Fall 2016, 2017. | ||
| 500 | _aXerographic copy in a binder. | ||
| 650 | 0 | 0 |
_a20th Century literature --Study and teaching (Elementary). _x |
| 999 |
_c4876 _d4876 |
||